000 00589nam a2200193Ia 4500
999 _c31811
_d31811
003 OSt
005 20200806120057.0
008 190216s9999||||xx |||||||||||||| ||und||
020 _a9788178085562
040 _coclc
082 _a511.6
_bKOL/D
100 _aKolman, Bernard
_93769
245 0 _aDiscrete Mathematical Structures /
_cBernard Kolman ; Robert C Busby ; Sharon Ross
250 _a4th Ed.
260 _bPearson Education International,
_c2003.
_aNew Delhi:
300 _a505p
650 _aMathematics
942 _cBK
_2ddc
_h511.6
_iKOL/D
_k511.6
_mKOL/D